000 00653nam a2200277Ia 4500
005 20260121124525.0
008 008 260114s9999 xx 000 0 eng d
020 _a9781487516079
037 _aEBOOK
040 _aCRL
040 _beng
040 _cCRL
041 _2eng
041 _aeng
084 _qCRL
100 _aRonen, Ruth
_9977457
245 0 _aLacan with the Philosophers
260 _bWalter de Gruyter
260 _bWalter de Gruyter
260 _c2018
650 _aPhilosophy
_9977458
856 _uhttp://www.degruyter.com/isbn/9781487516079
942 _cEBOOK
999 _c1555227
_d1555227